| 000 | 00380nam a2200169Ia 4500 | ||
|---|---|---|---|
| 005 | 20251020182617.0 | ||
| 008 | 200515s9999 xx 000 0 und d | ||
| 082 | _aSC/694.5/G25/5 | ||
| 110 | _aMinisterio de Trabajo | ||
| 245 | 0 | _aCarpinterÃa: Caballete | |
| 260 | _aLima | ||
| 260 | _c1978 | ||
| 300 | _a44 | ||
| 650 | _aCABALLETES | ||
| 650 | _aCARPINTERIA | ||
| 942 | _cLIB | ||
| 999 |
_c3520 _d3520 |
||